[Event "Madrid San Viator op-B 26th"]
[Site "Madrid"]
[Date "2016.04.10"]
[Round "2"]
[White "Diaz del Prado, Carlos"]
[Black "Corral Sanchez, Jesus"]
[Result "0-1"]
[WhiteElo "1314"]
[BlackElo "1587"]
[PlyCount "82"]
[EventDate "2016.04.03"]
[EventType "swiss"]
[EventRounds "9"]
[EventCountry "ESP"]
[SourceTitle "EXT 2017"]
[Source "ChessBase"]
[SourceDate "2016.10.25"]
[SourceVersion "1"]
[SourceVersionDate "2016.10.25"]
[SourceQuality "1"]

1. d4 d5 2. Nf3 c6 3. e3 Bf5 4. Nbd2 h6 5. c4 e6 6. Qb3 Qb6 7. Qxb6 axb6 8. Be2 Nf6 9. 0-0 Nbd7 10. a3 Bd6 11. b4 dxc4 12. Nxc4 Bc7 13. Bb2 0-0 14. Rfd1 Rfd8 15. Bd3 Bxd3 16. Rxd3 b5 17. Ncd2 Nb6 18. Re1 e5 19. Rb3 e4 20. Nh4 Rd5 21. g3 g5 22. Ng2 Re8 23. h3 Kh7 24. Rc1 Kg6 25. Rc5 Na4 26. Rxd5 Nxd5 27. Ba1 f5 28. Nb1 Kf7 29. Nc3 Ke6 30. h4 Naxc3 31. Bxc3 Nb6 32. Rb1 Kd5 33. Rc1 Ra8 34. Bb2 Nc4 35. Rc2 Nxb2 36. Rxb2 Rxa3 37. Ne1 Ra1 38. Kf1 Bd6 39. Ke2 Ra4 40. Nc2 Kc4 41. f3 Kc3 0-1

[Event "Madrid San Viator op-B 25th"]
[Site "Madrid"]
[Date "2015.10.11"]
[Round "2"]
[White "Aguilera Prada, Alejandro"]
[Black "Corral Sanchez, Jesus"]
[Result "0-1"]
[WhiteElo "1426"]
[BlackElo "1613"]
[PlyCount "112"]
[EventDate "2015.10.04"]
[EventType "swiss"]
[EventRounds "9"]
[EventCountry "ESP"]
[SourceTitle "EXT 2019"]
[Source "ChessBase"]
[SourceDate "2018.10.10"]
[SourceVersion "1"]
[SourceVersionDate "2018.10.10"]
[SourceQuality "1"]

1. d4 d5 2. Nf3 c6 3. Bf4 Nf6 4. h3 Bf5 5. e3 e6 6. a3 Qa5+ 7. Nbd2 Be7 8. Be2 h6 9. 0-0 0-0 10. c4 dxc4 11. Nxc4 Qd8 12. Rc1 Nbd7 13. Nfe5 Nxe5 14. dxe5 Nd7 15. Nd6 Bxd6 16. exd6 e5 17. Bh2 Qf6 18. Bg4 Rfd8 19. Bxf5 Qxf5 20. Qd2 Qe6 21. Rfd1 Nb6 22. Qc3 f6 23. Qb4 Rd7 24. Rd3 Rad8 25. Rcd1 Nc8 26. f4 e4 27. R3d2 f5 28. Qc5 Rxd6 29. Rxd6 Rxd6 30. Rxd6 Nxd6 31. Qxa7 Kh7 32. Qd4 Qd5 33. Kf1 Qxd4 34. exd4 Nc4 35. Ke2 Nxb2 36. Bg1 Kg8 37. Be3 Kf7 38. Bc1 Nd3 39. Bd2 Ke6 40. Ke3 Kd5 41. g4 g6 42. gxf5 gxf5 43. Ba5 Kc4 44. h4 h5 45. Bd2 Kb3 46. d5 cxd5 47. Kd4 Kxa3 48. Kxd5 b5 49. Ke6 Kb3 50. Kxf5 Nc5 51. Ke5 Kc4 52. f5 b4 53. Bxb4 Kxb4 54. Kf4 Kc4 55. Ke3 Kd5 56. f6 Ke6 0-1

[Event "Madrid San Viator op 23rd"]
[Site "Madrid"]
[Date "2014.10.19"]
[Round "4"]
[White "Corral Sanchez, Jesus"]
[Black "Camarero Izquierdo, Juan Carlos"]
[Result "0-1"]
[WhiteElo "1605"]
[BlackElo "1836"]
[PlyCount "128"]
[EventDate "2014.09.28"]
[EventType "swiss"]
[EventRounds "9"]
[EventCountry "ESP"]
[SourceTitle "EXT 2016"]
[Source "ChessBase"]
[SourceDate "2015.10.08"]
[SourceVersion "1"]
[SourceVersionDate "2015.10.08"]
[SourceQuality "1"]

1. e4 c5 2. Nf3 d6 3. d4 cxd4 4. Nxd4 Nf6 5. Nc3 a6 6. Be2 e5 7. Nb3 b5 8. a3 Bb7 9. f3 Be7 10. Be3 0-0 11. 0-0 Nbd7 12. Qe1 Rc8 13. Qf2 Nc5 14. Nxc5 dxc5 15. Rfd1 Qc7 16. Rd2 Rfd8 17. Rad1 Rxd2 18. Rxd2 b4 19. axb4 cxb4 20. Na4 Qc6 21. b3 a5 22. Bc4 Qe8 23. Qe2 Bc6 24. Nb6 Rd8 25. Qd1 Rxd2 26. Qxd2 h6 27. Kf2 Bxe4 28. Kg1 Bc6 29. Nd5 Bxd5 30. Bxd5 a4 31. bxa4 Qxa4 32. Bb3 Qa1+ 33. Qc1 Qa6 34. Qf1 Qc6 35. Qc4 Qxc4 36. Bxc4 Nd7 37. Kf1 g5 38. Ke2 Kg7 39. Kd3 f5 40. Be6 e4+ 41. fxe4 Ne5+ 42. Kd4 Bf6 43. Bxf5 Ng4+ 44. Kd3 Nxh2 45. Kc4 Nf1 46. Bf2 Be7 47. g4 Nd2+ 48. Kd5 b3 49. cxb3 Nxb3 50. e5 Nd2 51. Bc5 Kf7 52. Bd4 Nf3 53. Bb2 Nh4 54. Ke4 Ng6 55. Kd4 Nf4 56. Ke4 Bf8 57. Ba1 Ke7 58. Bc3 Bg7 59. Bb4+ Kf7 60. Kd4 h5 61. gxh5 Nxh5 62. Ke4 Ng3+ 63. Kf3 Nxf5 64. Kg4 Kg6 0-1

[Event "Madrid San Viator op 23rd"]
[Site "Madrid"]
[Date "2014.09.28"]
[Round "1"]
[White "Corral Sanchez, Jesus"]
[Black "San Felipe Gonzalez, Tomas"]
[Result "1-0"]
[WhiteElo "1605"]
[BlackElo "1700"]
[PlyCount "55"]
[EventDate "2014.09.28"]
[EventType "swiss"]
[EventRounds "9"]
[EventCountry "ESP"]
[SourceTitle "EXT 2016"]
[Source "ChessBase"]
[SourceDate "2015.10.08"]
[SourceVersion "1"]
[SourceVersionDate "2015.10.08"]
[SourceQuality "1"]

1. e4 c5 2. Nf3 a6 3. d4 cxd4 4. Nxd4 e5 5. Nb3 Nf6 6. Bg5 Qb6 7. Bxf6 Qxf6 8. Be2 Bb4+ 9. c3 Be7 10. N1d2 b5 11. 0-0 0-0 12. c4 bxc4 13. Nxc4 Bb7 14. Bf3 Rd8 15. Nca5 Bc6 16. Nxc6 Nxc6 17. Rc1 a5 18. Nc5 Nd4 19. Bg4 Bxc5 20. Rxc5 d6 21. Rc7 d5 22. exd5 Rxd5 23. Qa4 Qf4 24. Qd1 Rad8 25. Rb7 f5 26. Bh3 e4 27. Qh5 g6 28. Qxh7+ 1-0

[Event "Collado Villalba op-B 29th"]
[Site "Collado Villalba"]
[Date "2012.08.30"]
[Round "7"]
[White "Corral Sanchez, Jesus"]
[Black "Cano Mercado, Francisco Manuel"]
[Result "1/2-1/2"]
[WhiteElo "1660"]
[BlackElo "1887"]
[PlyCount "60"]
[EventDate "2012.08.24"]
[EventType "swiss"]
[EventRounds "9"]
[EventCountry "ESP"]
[SourceTitle "CBM 150 Extra"]
[Source "ChessBase"]
[SourceDate "2012.10.19"]
[SourceVersion "1"]
[SourceVersionDate "2012.10.19"]
[SourceQuality "1"]

1. e4 c5 2. Nf3 Nc6 3. d4 cxd4 4. Nxd4 Qb6 5. Nb3 e6 6. Be3 Qc7 7. Nc3 a6 8. Qd2 Nf6 9. Be2 Bb4 10. f3 d5 11. a3 Bxc3 12. Qxc3 dxe4 13. fxe4 Qe5 14. Qxe5 Nxe5 15. Bd4 Nc6 16. Bxf6 gxf6 17. Rf1 Ke7 18. Rd1 Ne5 19. Nd4 Bd7 20. h3 Rac8 21. b3 Rc3 22. Rf2 Rhc8 23. Rd2 b5 24. Kd1 Nc6 25. Nxc6+ R8xc6 26. Bd3 R6c5 27. Rf4 Rg5 28. Rdf2 Rg6 29. g4 Rh6 30. R2f3 e5 1/2-1/2

[Event "Collado Villalba op-B 29th"]
[Site "Collado Villalba"]
[Date "2012.08.27"]
[Round "4"]
[White "Salgado Duarte, Pablo"]
[Black "Corral Sanchez, Jesus"]
[Result "1/2-1/2"]
[WhiteElo "1564"]
[BlackElo "1660"]
[PlyCount "91"]
[EventDate "2012.08.24"]
[EventType "swiss"]
[EventRounds "9"]
[EventCountry "ESP"]
[SourceTitle "CBM 150 Extra"]
[Source "ChessBase"]
[SourceDate "2012.10.19"]
[SourceVersion "1"]
[SourceVersionDate "2012.10.19"]
[SourceQuality "1"]

1. d4 d5 2. Nc3 Bf5 3. Nf3 c6 4. Bf4 h6 5. e3 Nf6 6. h3 e6 7. Bd3 Bxd3 8. Qxd3 Be7 9. 0-0 0-0 10. Rfe1 Nbd7 11. e4 dxe4 12. Nxe4 Re8 13. c4 Nc5 14. Nxf6+ Bxf6 15. Qe3 Nd7 16. Qb3 Qb6 17. Qxb6 Nxb6 18. b3 Rad8 19. Bc7 Rd7 20. Bxb6 axb6 21. Rad1 Red8 22. Re4 c5 23. Re2 Bxd4 24. Red2 f6 25. Nxd4 Rxd4 26. Rxd4 Rxd4 27. Rxd4 cxd4 28. Kf1 e5 29. Ke2 Kf7 30. Kd3 Ke6 31. f3 f5 32. b4 g5 33. g3 Kd6 34. a3 Kc6 35. a4 Kd6 36. g4 Ke6 37. gxf5+ Kxf5 38. c5 Ke6 39. cxb6 Kd5 40. a5 Kd6 41. Kc4 h5 42. b5 Kd7 43. a6 bxa6 44. bxa6 Kc8 45. Kd3 Kb8 46. Ke4 1/2-1/2

[Event "Tres Cantos op 4th"]
[Site "Tres Cantos"]
[Date "2012.06.25"]
[Round "5"]
[White "Corral Sanchez, Jesus"]
[Black "Garcia Minguez, Antonio"]
[Result "0-1"]
[WhiteElo "1673"]
[BlackElo "1463"]
[PlyCount "52"]
[EventDate "2012.06.21"]
[EventType "swiss"]
[EventRounds "9"]
[EventCountry "ESP"]
[SourceTitle "CBM 149 Extra"]
[Source "ChessBase"]
[SourceDate "2012.08.24"]
[SourceVersion "1"]
[SourceVersionDate "2012.08.24"]
[SourceQuality "1"]

1. e4 c5 2. Nf3 Nc6 3. d4 cxd4 4. Nxd4 e6 5. Be3 Nf6 6. Nd2 Be7 7. f3 a6 8. N2b3 0-0 9. Qd2 h6 10. 0-0-0 d5 11. Nxc6 bxc6 12. Bd3 Nd7 13. Qf2 Rb8 14. g4 Ne5 15. Rhg1 Nxd3+ 16. Rxd3 e5 17. exd5 cxd5 18. Kb1 Bf6 19. f4 d4 20. Bc1 e4 21. Rxd4 Bxd4 22. Nxd4 Qb6 23. c3 Be6 24. h4 Rfc8 25. Qe3 Qa5 26. Nb3 Rxb3 0-1

[Event "Tres Cantos op 3rd"]
[Site "Tres Cantos"]
[Date "2011.06.26"]
[Round "5"]
[White "Corral Sanchez, Jesus"]
[Black "Ruiz Sanchez, Roberto"]
[Result "0-1"]
[WhiteElo "1678"]
[BlackElo "2004"]
[PlyCount "76"]
[EventDate "2011.06.22"]
[EventType "swiss"]
[EventRounds "9"]
[EventCountry "ESP"]
[SourceTitle "EXT 2012"]
[Source "ChessBase"]
[SourceDate "2011.11.24"]
[SourceVersion "1"]
[SourceVersionDate "2011.11.24"]
[SourceQuality "1"]

1. e4 d6 2. d4 Nf6 3. Nc3 c6 4. Bd3 e5 5. Nf3 Nbd7 6. h3 Be7 7. Bg5 h6 8. Be3 Qc7 9. 0-0 0-0 10. dxe5 dxe5 11. Nh4 Nc5 12. Nf3 b5 13. a3 Rd8 14. Qe2 Ne6 15. Nh2 a6 16. b4 Bb7 17. Nb1 a5 18. Nd2 axb4 19. axb4 Bxb4 20. Ng4 Be7 21. Qf3 Nxg4 22. Qxg4 Bg5 23. Nf3 Rxa1 24. Rxa1 Bxe3 25. fxe3 Qb6 26. Re1 c5 27. Nxe5 c4 28. Bf1 Ng5 29. Qf4 Qe6 30. Ra1 Re8 31. Ng4 Qxe4 32. Qg3 f5 33. h4 fxg4 34. hxg5 Qxe3+ 35. Qxe3 Rxe3 36. gxh6 gxh6 37. Rb1 Bc6 38. Ra1 g3 0-1